000
00311nam a2200121Ia 4500
003
GCL
008
140319s9999 xx 000 0 ara d
040
_a
GCL /
_c
GCL
082
0
4
_a
953.302
_b
ج س
245
1
0
_a
سياسة بريطانيا فى جنوب الجزيرة العربية
300
_a
447 ص
490
_a
999
_c
39832
_d
39832